00640nam a2200229Ia 450000500170000000800410001702000150005808200190007310000140009224500510010625000160015726000340017330000150020765000100022265000140023265000110024665000220025765000150027994200060029495200950030099900150039520250130034503.0240331s9999 xx 000 0 und d a0394719603 bOAK244a305.4 aOakley, A 0aWomen's Work:bThe Housewife, Past and Present a2nd Edition aNew YorkbVintage Booksc1976 ax, 275 p., aWomen aHousework aWorker aIndustrialization aMotherhood cL 001040708LaWERCLbWERCLcSSCd2024-03-31l0o 305.4 OAKp44r2024-03-31w2024-03-31yL c1680d1680